The Thirty-Nine Steps / (Record no. 4207)
[ view plain ]
| 000 -LEADER | |
|---|---|
| fixed length control field | 00547nam a2200217 a 4500 |
| 001 - CONTROL NUMBER | |
| JCCL Control Number | 4207 |
| 003 - CONTROL NUMBER IDENTIFIER | |
| JCCL marc code | BD-JhCC |
| 005 - DATE AND TIME OF LATEST TRANSACTION | |
| control field | 20171123211244.0 |
| 008 - FIXED-LENGTH DATA ELEMENTS--GENERAL INFORMATION | |
| fixed length control field | 171123s1938 l |||| ||a| 000 0 eng d |
| 035 ## - SYSTEM CONTROL NUMBER | |
| system control number | (BD-JhCC) 4207 |
| 040 ## - CATALOGING SOURCE | |
| Original cataloging agency | BD-JhCC |
| Modifying agency | BD-JhCC |
| 041 ## - LANGUAGE CODE | |
| Language code of Book | eng |
| 082 ## - DEWEY DECIMAL CLASSIFICATION NUMBER | |
| Classification number | 823.912 |
| Author mark and Year | BUC 1938 |
| 100 ## - MAIN ENTRY--PERSONAL NAME | |
| Personal name | Buchan, John |
| 245 ## - TITLE STATEMENT | |
| Title | The Thirty-Nine Steps / |
| Statement of responsibility, etc | John Buchan |
| 260 ## - PUBLICATION, DISTRIBUTION, ETC. (IMPRINT) | |
| Place of publication, distribution, etc | London : |
| Name of publisher, distributor, etc | Longmans,Green and Co Ltd , |
| Date of publication, distribution, etc | 1938 |
| 300 ## - PHYSICAL DESCRIPTION | |
| Pagination | 95 p .: |
| Dimensions | 18 cm . |
| 650 ## - SUBJECT ADDED ENTRY--TOPICAL TERM | |
| Topical term or geographic name as entry element | Adventure stories |
| 942 ## - ADDED ENTRY ELEMENTS (KOHA) | |
| Source of classification or shelving scheme | Dewey Decimal Classification |
| Koha item type | Books |
| Source of classification or shelving scheme | Damaged status | Not for loan | Home library | Current library | Shelving location | Date of accession | Total Checkouts | Full call number | Barcode | Date last seen | Copy number | Koha item type | Date checked out |
|---|---|---|---|---|---|---|---|---|---|---|---|---|---|
| Dewey Decimal Classification | JCC Rouf Library | JCC Rouf Library | General Stacks | 11/23/2017 | 823.912 BUC 1938 | 5710 | 11/23/2017 | C-1 | Books | ||||
| Dewey Decimal Classification | JCC Rouf Library | JCC Rouf Library | General Stacks | 11/27/2017 | 823.912 BUC 1938 | 6058 | 11/27/2017 | C-2 | Books | ||||
| Dewey Decimal Classification | JCC Rouf Library | JCC Rouf Library | General Stacks | 04/04/2018 | 2 | 823.912 BUC 1938 | 13020 | 01/13/2025 | C-3 | Books | 12/11/2024 |